000 00391nam a2200157 i 4500
001 bg
100 1 _aFABIAŃSKA, Krystyna
245 0 _aPlanowanie rozwoju przedsiębiorstwa /
_cK. Fabiańska, J. Rokita.
260 _aWarszawa,
_c1986.
700 1 _aROKITA, Jerzy
040 _cBPK
041 _apol
080 _a65.012.2(07)
942 _cKS
008 s pl f |000 0 pol
999 _c3039
_d3039
856 _uhttp://koha.tu.koszalin.pl/cgi-bin/koha/opac-detail.pl?biblionumber=3039
_yKatalog online BPK